| 000 | 00844nam a22002177a 4500 | ||
|---|---|---|---|
| 003 | 0 | ||
| 005 | 20250829154855.0 | ||
| 008 | 250829b xxu||||| |||| 00| 0 eng d | ||
| 020 | _a978-1-5296-8342-4 | ||
| 050 |
_aLB 1028.3 _b.M44 2025 |
||
| 100 |
_aMeechan, David, _eauthor. |
||
| 245 |
_aGenerative AI for students : _bthe essential guide to using artificial intelligence for study at university / _cDavid Meechan. |
||
| 260 |
_aLondon : _bSage, _c2025. |
||
| 300 |
_axiii, 207 pages : _billustrations ; _c25 cm. |
||
| 504 | _aIncludes bibliographical references and index. | ||
| 650 |
_aArtificial intelligence _xEducational applications. |
||
| 650 |
_aEducation, Higher _xComputer-assisted instruction. |
||
| 650 |
_aStudy skills _xComputer-assisted instruction. |
||
| 650 | _aGenerative programming (Computer science). | ||
| 942 |
_2lcc _cBK |
||
| 999 |
_c367696 _d367696 |
||